[Event "FRA-chT1 0910"]
[Site "France"]
[Date "2009.10.04"]
[Round "1.1"]
[White "Chernuschevich, Alexei"]
[Black "Lupulescu, Constantin"]
[Result "1/2-1/2"]
[WhiteElo "2507"]
[BlackElo "2599"]
[PlyCount "50"]
[EventDate "2009.09.27"]
[EventType "team-match"]
[EventRounds "11"]
[EventCountry "FRA"]
[Source "ChessBase"]
[SourceDate "2010.02.25"]

1. d4 Nf6 2. Nf3 g6 3. Bg5 Bg7 4. Nbd2 d5 5. e3 c5 6. c3 Nbd7 7. Bd3 b6 8. Ne5
cxd4 9. exd4 Nxe5 10. dxe5 Nd7 11. f4 h6 12. Bh4 g5 13. fxg5 Nxe5 14. Nf3 Bg4
15. Qa4+ Bd7 16. Qd1 Qc7 17. g6 fxg6 18. O-O Nxd3 19. Qxd3 Qc5+ 20. Kh1 Bf5 21.
Qe2 e6 22. Nd4 O-O 23. Nxf5 exf5 24. Be7 Rfe8 25. Qe6+ Kh7 1/2-1/2

[Event "FRA-chT1 0910"]
[Site "France"]
[Date "2009.10.04"]
[Round "1.1"]
[White "Demuth, Adrien"]
[Black "Inkiov, Ventzislav"]
[Result "0-1"]
[WhiteElo "2388"]
[BlackElo "2465"]
[PlyCount "54"]
[EventDate "2009.09.27"]
[EventType "team-match"]
[EventRounds "11"]
[EventCountry "FRA"]
[Source "ChessBase"]
[SourceDate "2010.02.25"]
[BlackTeam "Migne"]

1. d4 Nf6 2. c4 e6 3. Nf3 Bb4+ 4. Bd2 Qe7 5. g3 Bxd2+ 6. Qxd2 d6 7. Bg2 e5 8.
Nc3 Nc6 9. Nd5 Nxd5 10. cxd5 Nxd4 11. Nxd4 exd4 12. Qxd4 O-O 13. Rc1 Re8 14. e3
Bd7 15. Rxc7 Qd8 16. Rc3 Qa5 17. a3 Rac8 18. Kd2 Bb5 19. Rhc1 Rc4 20. Qd3 Rf4
21. gxf4 Bxd3 22. b4 Qd8 23. Rxd3 a5 24. bxa5 Qxa5+ 25. Ke2 b6 26. Rcc3 Qa4 27.
Kd2 Qd7 0-1

[Event "FRA-chT1 0910"]
[Site "France"]
[Date "2009.10.04"]
[Round "1.1"]
[White "Fargere, Francois"]
[Black "Sulava, Nenad"]
[Result "1/2-1/2"]
[WhiteElo "2501"]
[BlackElo "2551"]
[PlyCount "37"]
[EventDate "2009.09.27"]
[EventType "team-match"]
[EventRounds "11"]
[EventCountry "FRA"]
[Source "ChessBase"]
[SourceDate "2010.02.25"]
[WhiteTeam "Grasse Echecs"]
[BlackTeam "La Tour Hyéroise"]

1. e4 c5 2. Nf3 a6 3. c3 g6 4. d4 cxd4 5. cxd4 d5 6. exd5 Nf6 7. Nc3 Bg7 8.
Qa4+ Nbd7 9. Bc4 O-O 10. Qa3 Nb6 11. Bd3 Nbxd5 12. O-O Be6 13. Ng5 Bd7 14. Qb3
Bc6 15. Nf3 Qb6 16. Qxb6 Nxb6 17. Ne5 Bd5 18. Bg5 Rfd8 19. Rfd1 1/2-1/2

[Event "FRA-chT1 0910"]
[Site "France"]
[Date "2009.10.04"]
[Round "1.1"]
[White "Glavina Rossi, Pablo"]
[Black "Gharamian, Tigran"]
[Result "1/2-1/2"]
[WhiteElo "2461"]
[BlackElo "2614"]
[PlyCount "53"]
[EventDate "2009.09.27"]
[EventType "team-match"]
[EventRounds "11"]
[EventCountry "FRA"]
[Source "ChessBase"]
[SourceDate "2010.02.25"]
[BlackTeam "Cappelle"]

1. d4 e6 2. c4 Bb4+ 3. Bd2 a5 4. g3 d6 5. Bg2 Nc6 6. Nf3 e5 7. O-O exd4 8. Bg5
f6 9. Bc1 Bc5 10. Na3 Nge7 11. Nb5 Nf5 12. b3 O-O 13. Bb2 Bd7 14. Nfxd4 Nfxd4
15. Nxd4 Nxd4 16. Bxd4 Bxd4 17. Qxd4 Bc6 18. Bxc6 bxc6 19. c5 d5 20. e4 Re8 21.
Rfe1 dxe4 22. Rxe4 Qd5 23. Rxe8+ Rxe8 24. Qc3 Qe5 25. Qc4+ Qd5 26. Qc3 Qe5 27.
Qc4+ 1/2-1/2

[Event "FRA-chT1 0910"]
[Site "France"]
[Date "2009.10.04"]
[Round "1.1"]
[White "Jablonski, Noham"]
[Black "David, Alberto"]
[Result "0-1"]
[WhiteElo "2317"]
[BlackElo "2591"]
[PlyCount "114"]
[EventDate "2009.09.27"]
[EventType "team-match"]
[EventRounds "11"]
[EventCountry "FRA"]
[Source "ChessBase"]
[SourceDate "2010.02.25"]
[BlackTeam "Lutece"]

1. e4 c5 2. Nf3 e6 3. d4 cxd4 4. Nxd4 a6 5. c4 Nf6 6. Nc3 Bb4 7. Bd3 Nc6 8. Nc2
Be7 9. O-O Ne5 10. f4 Nxd3 11. Qxd3 d6 12. Qg3 O-O 13. Be3 Qc7 14. b3 b5 15.
Bd4 bxc4 16. Ne3 cxb3 17. axb3 Nh5 18. Qf3 Bf6 19. e5 dxe5 20. fxe5 Bxe5 21.
Bxe5 Qxe5 22. Nc4 Qd4+ 23. Kh1 Bb7 24. Qxb7 Qxc3 25. Rac1 Qd3 26. Rxf7 Rxf7 27.
Qxf7+ Kxf7 28. Ne5+ Ke7 29. Nxd3 Kd6 30. Kg1 Nf6 31. Kf2 Nd5 32. Ra1 a5 33. Ke2
e5 34. Nb2 Kc5 35. Nd3+ Kb6 36. Kf3 Re8 37. Re1 Rf8+ 38. Ke4 Nf6+ 39. Kxe5 Rd8
40. Nf4 Re8+ 41. Ne6 Nd7+ 42. Kd6 Nc5 43. g4 g5 44. Re5 Rxe6+ 45. Rxe6 Nxe6 46.
Kxe6 Kb5 47. Kf6 Kb4 48. Kxg5 Kxb3 49. Kh6 a4 50. Kxh7 a3 51. g5 a2 52. g6 a1=Q
53. g7 Qa7 54. Kg6 Qg1+ 55. Kf7 Qf2+ 56. Ke7 Qe3+ 57. Kf7 Qf4+ 0-1

[Event "FRA-chT1 0910"]
[Site "France"]
[Date "2009.10.04"]
[Round "1.1"]
[White "Janev, Evgeni"]
[Black "Grecescu, Gabriel Andrei"]
[Result "1/2-1/2"]
[WhiteElo "2448"]
[BlackElo "2421"]
[PlyCount "70"]
[EventDate "2009.09.27"]
[EventType "team-match"]
[EventRounds "11"]
[EventCountry "FRA"]
[Source "ChessBase"]
[SourceDate "2010.02.25"]
[WhiteTeam "Cavalier Fou Bressan "]

1. e4 c5 2. Nf3 Nc6 3. Bb5 e6 4. Bxc6 bxc6 5. O-O Ne7 6. e5 Ng6 7. Re1 Be7 8.
Na3 f6 9. Nc4 O-O 10. d3 Rf7 11. Bd2 Qf8 12. Re2 Ba6 13. Qe1 Bxc4 14. dxc4 fxe5
15. Nxe5 Nxe5 16. Rxe5 Bf6 17. Re2 Bxb2 18. Rb1 Bd4 19. c3 Bf6 20. Rb7 d6 21.
Qb1 e5 22. Be1 Rxb7 23. Qxb7 Qc8 24. Rb2 e4 25. a4 d5 26. a5 Qxb7 27. Rxb7 dxc4
28. a6 Rd8 29. Kf1 Rd1 30. Ke2 Ra1 31. Rxa7 Ra2+ 32. Ke3 Ra1 33. Ke2 Ra2+ 34.
Ke3 Ra1 35. Ke2 Ra2+ 1/2-1/2

[Event "FRA-chT1 0910"]
[Site "France"]
[Date "2009.10.04"]
[Round "1.1"]
[White "Moussard, Jules"]
[Black "Tripoteau, Nicolas"]
[Result "1-0"]
[WhiteElo "2344"]
[BlackElo "2411"]
[PlyCount "100"]
[EventDate "2009.09.27"]
[EventType "team-match"]
[EventRounds "11"]
[EventCountry "FRA"]
[Source "ChessBase"]
[SourceDate "2010.02.25"]
[BlackTeam "Sautron"]

1. e4 c5 2. Nf3 d6 3. d4 cxd4 4. Nxd4 Nf6 5. Nc3 a6 6. Be3 e6 7. f3 b5 8. Qd2
Bb7 9. g4 b4 10. Na4 d5 11. e5 Nfd7 12. f4 Nc6 13. b3 Nxd4 14. Bxd4 Qh4+ 15.
Qf2 Qxg4 16. Rg1 Qh5 17. Be2 Qh6 18. O-O-O Bc6 19. Be3 Bxa4 20. f5 Bc5 21. Bxh6
Bxf2 22. Rxg7 Bb5 23. Bh5 O-O-O 24. Bxf7 Nc5 25. fxe6 Bh4 26. Rd4 Be7 27. Bh5
Rhe8 28. Bxe8 Rxe8 29. Rxd5 Nxe6 30. Rxh7 Bc6 31. Rd1 Bc5 32. h4 Be4 33. Rf7
Rh8 34. Re1 Bd5 35. Rf6 Be7 36. Rg6 Bxh4 37. Rd1 Rxh6 38. Rxh6 Bg5+ 39. Kb2
Bxh6 40. Rxd5 Bf8 41. c3 Kc7 42. cxb4 Bxb4 43. a3 Bf8 44. b4 Nf4 45. Ra5 Kb7
46. Kc3 Ne6 47. Kd3 Nc7 48. Ke4 Nb5 49. Kf5 Be7 50. Ke6 Bd8 1-0

[Event "FRA-chT1 0910"]
[Site "France"]
[Date "2009.10.04"]
[Round "1.1"]
[White "Mullon, Jean Baptiste"]
[Black "Le Roy, Brice"]
[Result "1-0"]
[WhiteElo "2368"]
[BlackElo "2303"]
[PlyCount "63"]
[EventDate "2009.09.27"]
[EventType "team-match"]
[EventRounds "11"]
[EventCountry "FRA"]
[Source "ChessBase"]
[SourceDate "2010.02.25"]
[WhiteTeam "Clichy"]

1. e4 c5 2. Nf3 g6 3. d4 cxd4 4. Qxd4 Nf6 5. Nc3 Bg7 6. e5 Nc6 7. Qh4 Ng8 8.
Bc4 Nxe5 9. Nxe5 Bxe5 10. O-O e6 11. Qh3 a6 12. Re1 Qc7 13. Bb3 Ne7 14. Bh6 Nf5
15. Kh1 Bxc3 16. bxc3 Nxh6 17. Qxh6 Qxc3 18. Rad1 a5 19. Re3 Qf6 20. Ba4 Ke7
21. Red3 d5 22. c4 Bd7 23. Bxd7 Kxd7 24. Rf3 Qe7 25. cxd5 e5 26. Rb3 b5 27.
Rxb5 Rhb8 28. Qh3+ f5 29. Qb3 Qd6 30. Rb1 a4 31. Rb7+ Kc8 32. Qb5 1-0

[Event "FRA-chT1 0910"]
[Site "France"]
[Date "2009.10.04"]
[Round "1.1"]
[White "Song, Julien"]
[Black "Efimov, Igor"]
[Result "0-1"]
[WhiteElo "2289"]
[BlackElo "2435"]
[PlyCount "58"]
[EventDate "2009.09.27"]
[EventType "team-match"]
[EventRounds "11"]
[EventCountry "FRA"]
[Source "ChessBase"]
[SourceDate "2010.02.25"]
[BlackTeam "Monaco"]

1. d4 d6 2. Nf3 g6 3. c4 Bg7 4. Nc3 Nd7 5. Bg5 h6 6. Bh4 Ngf6 7. e3 c6 8. Be2
O-O 9. Qc2 a6 10. O-O b5 11. Nd2 Bb7 12. Bf3 Rb8 13. Rfd1 Nh7 14. cxb5 axb5 15.
Nb3 f5 16. a4 bxa4 17. Nxa4 g5 18. Bg3 Rc8 19. Na5 Ba8 20. Nxc6 Qe8 21. Rac1 g4
22. Bd5+ Kh8 23. Qb3 Ndf6 24. Nb6 Bxc6 25. Nxc8 Bxd5 26. Qb6 Be6 27. Na7 Nd5
28. Qb7 Qb8 29. Qxb8 Rxb8 0-1

[Event "FRA-chT1 0910"]
[Site "France"]
[Date "2009.10.04"]
[Round "1.1"]
[White "Williams, Simon Kim"]
[Black "Lerch, Patrice"]
[Result "1-0"]
[WhiteElo "2545"]
[BlackElo "2322"]
[PlyCount "79"]
[EventDate "2009.09.27"]
[EventType "team-match"]
[EventRounds "11"]
[EventCountry "FRA"]
[Source "ChessBase"]
[SourceDate "2010.02.25"]
[WhiteTeam "Rueil"]
[BlackTeam "Mulhouse"]

1. d4 Nf6 2. c4 e6 3. Nf3 b6 4. g3 Bb7 5. Bg2 Be7 6. O-O O-O 7. Re1 Qc8 $6 {
[%csl Rc8]} 8. d5 $5 (8. Nc3 Ne4 9. Qc2 Nxc3 10. Qxc3 Be4 11. Ne5 Bxg2 12. Kxg2
c5 $132) 8... exd5 9. cxd5 Bb4 (9... Nxd5 10. e4 Nf6 11. e5 Nd5 12. Nh4 Bxh4
13. Bxd5 Bxd5 14. Qxd5 c6 15. Qc4 {[%csl Ra8,Rb8]} Be7 16. Nc3 $44) (9... Bxd5
10. Nc3 Bb7 11. e4 {[%csl Rc8][%cal Gf3h4,Gh4f5]} Na6 (11... d6 12. Nh4 (12. e5
)) 12. e5 Ne8 13. Nd5 $36) 10. Nc3 Bxc3 11. bxc3 Nxd5 12. Qc2 Re8 13. Bb2 Ne7
14. c4 Ng6 15. h4 h6 16. c5 Na6 17. Qc3 f6 18. Qc4+ Kf8 19. cxb6 axb6 20. h5 d5
21. Qc2 Ne7 22. Nh4 Nc5 23. a4 Qg4 24. Bf3 Qc4 25. Qh7 d4 26. Rec1 Qg8 27.
Qxg8+ Kxg8 28. Bxb7 Nxb7 29. Rxc7 Nc5 30. Bxd4 Nd5 31. Rc6 Rxa4 32. Rxa4 Nxa4
33. Ng6 Ne7 34. Rc7 Kf7 35. Nf4 f5 36. e3 Rc8 37. Ra7 Nc5 38. Nd5 Re8 39. Nxb6
Ne6 40. Nd5 1-0

[Event "FRA-chT1 0910"]
[Site "France"]
[Date "2009.09.27"]
[Round "1.2"]
[White "Acher, Mathieu"]
[Black "Levacic, Damir"]
[Result "1-0"]
[WhiteElo "2340"]
[BlackElo "2281"]
[PlyCount "65"]
[EventDate "2009.09.27"]
[EventType "team-match"]
[EventRounds "11"]
[EventCountry "FRA"]
[Source "ChessBase"]
[SourceDate "2010.02.25"]

1. e4 d6 2. d4 Nf6 3. Nc3 g6 4. Bg5 Bg7 5. Qd2 h6 6. Bh4 g5 7. Bg3 Nc6 8. d5
Ne5 9. h4 g4 10. h5 c6 11. f4 gxf3 12. gxf3 cxd5 13. exd5 Bd7 14. Bxe5 dxe5 15.
O-O-O Rc8 16. Bh3 Qa5 17. Nge2 Kf8 18. Kb1 Bxh3 19. Rxh3 Ne8 20. Qd3 Nd6 21.
Rh4 b5 22. a3 f5 23. Rb4 a6 24. Rg1 Bf6 25. Rg6 Qb6 26. Ng3 e4 27. fxe4 Bxc3
28. bxc3 Qa5 29. e5 Nf7 30. Qxf5 Rxc3 31. e6 Rh7 32. exf7 Rxf7 33. Qe5 1-0

[Event "FRA-chT1 0910"]
[Site "France"]
[Date "2009.09.27"]
[Round "1.2"]
[White "Bogza, Adina Maria"]
[Black "Ivanov, Jordan"]
[Result "1/2-1/2"]
[WhiteElo "2308"]
[BlackElo "2408"]
[PlyCount "57"]
[EventDate "2009.09.27"]
[EventType "team-match"]
[EventRounds "11"]
[EventCountry "FRA"]
[Source "ChessBase"]
[SourceDate "2010.02.25"]

1. d4 Nf6 2. Nf3 d6 3. Bf4 g6 4. e3 Bg7 5. Be2 O-O 6. O-O c5 7. c3 Be6 8. dxc5
dxc5 9. Nbd2 Nc6 10. h3 Nd5 11. Bh2 Na5 12. Qc2 Qb6 13. e4 Nf6 14. Ng5 Bd7 15.
Rfe1 Rad8 16. Nc4 Nxc4 17. Bxc4 Bb5 18. Bxb5 Qxb5 19. e5 Nd5 20. e6 f6 21. Nf7
Rc8 22. Qe2 c4 23. a4 Qa5 24. h4 Rc5 25. h5 gxh5 26. Nh6+ Kh8 27. Nf7+ Kg8 28.
Nh6+ Kh8 29. Nf7+ 1/2-1/2

[Event "FRA-chT1 0910"]
[Site "France"]
[Date "2009.09.27"]
[Round "1.2"]
[White "Gervais, Victor"]
[Black "Piankov, Evgenij"]
[Result "0-1"]
[WhiteElo "2308"]
[BlackElo "2367"]
[PlyCount "54"]
[EventDate "2009.09.27"]
[EventType "team-match"]
[EventRounds "11"]
[EventCountry "FRA"]
[Source "ChessBase"]
[SourceDate "2010.02.25"]

1. d4 d5 2. c4 c6 3. Nc3 Nf6 4. Nf3 a6 5. a4 a5 6. Bg5 e6 7. e3 Be7 8. Be2 Na6
9. O-O Nb4 10. Ne5 Nd7 11. Bxe7 Qxe7 12. Nxd7 Bxd7 13. e4 dxc4 14. Bxc4 O-O 15.
e5 c5 16. dxc5 Bc6 17. Bb5 Qxc5 18. Re1 Rfd8 19. Qe2 Bxb5 20. Nxb5 Nd3 21. Qe3
Rac8 22. Red1 Qxe3 23. fxe3 Nxe5 24. Rd4 Nc4 25. Rad1 Rxd4 26. Rxd4 h6 27. b3
Nxe3 0-1

[Event "FRA-chT1 0910"]
[Site "France"]
[Date "2009.09.27"]
[Round "1.2"]
[White "Istratescu, Andrei"]
[Black "Sermier, Guillaume"]
[Result "1-0"]
[WhiteElo "2624"]
[BlackElo "2387"]
[PlyCount "67"]
[EventDate "2009.09.27"]
[EventType "team-match"]
[EventRounds "11"]
[EventCountry "FRA"]
[Source "ChessBase"]
[SourceDate "2010.02.25"]
[WhiteTeam "Belfort"]

1. c4 c6 2. e4 e5 3. Nf3 d6 4. d4 Nd7 5. Nc3 Ngf6 6. Be2 Be7 7. O-O O-O 8. Re1
Qc7 9. Rb1 Re8 10. Bf1 a6 11. b4 b6 12. Bb2 Bf8 13. a3 Bb7 14. d5 c5 15. Nd2 g6
16. Nb3 Bg7 17. bxc5 Nxc5 18. Nxc5 bxc5 19. Na4 Reb8 20. Bc3 Bc8 21. Bd3 Rxb1
22. Bxb1 Bd7 23. Bc2 Rb8 24. Qd2 Rb7 25. Nb2 Ng4 26. Nd3 Bh6 27. Qe2 Qd8 28. h3
Nf6 29. f4 exf4 30. e5 Nh5 31. exd6 Qb6 32. Qf2 Qxd6 33. Be5 Qb6 34. Nxc5 1-0

[Event "FRA-chT1 0910"]
[Site "France"]
[Date "2009.09.27"]
[Round "1.2"]
[White "Libiszewski, Fabien"]
[Black "Brih, Said"]
[Result "1-0"]
[WhiteElo "2535"]
[BlackElo "2336"]
[PlyCount "81"]
[EventDate "2009.09.27"]
[EventType "team-match"]
[EventRounds "11"]
[EventCountry "FRA"]
[Source "ChessBase"]
[SourceDate "2010.02.25"]

1. e4 c5 2. Nf3 Nc6 3. Bb5 g6 4. O-O Bg7 5. Re1 Nf6 6. e5 Nd5 7. Nc3 Nc7 8.
Bxc6 dxc6 9. Ne4 Ne6 10. d3 O-O 11. Be3 b6 12. Qd2 Nd4 13. Nxd4 cxd4 14. Bh6
Bxe5 15. Bxf8 Qxf8 16. a4 Bg7 17. a5 b5 18. Qb4 e6 19. Qc5 Qxc5 20. Nxc5 Bf8
21. b4 a6 22. Re4 Bg7 23. f4 Ra7 24. Rae1 Re7 25. R4e2 h5 26. g3 Re8 27. Kg2
Rd8 28. h3 Rd5 29. Kf3 Bf6 30. g4 h4 31. g5 Be7 32. Re5 Rd8 33. R1e4 Kg7 34.
Ke2 Kg8 35. Kd1 f6 36. gxf6 Bxf6 37. Rxe6 Bxe6 38. Rxe6 Kf7 39. Rxc6 Re8 40.
Rxa6 Re3 41. Re6 1-0

[Event "FRA-chT1 0910"]
[Site "France"]
[Date "2009.09.27"]
[Round "1.2"]
[White "Pham Minh Hoang"]
[Black "Pile, Richard"]
[Result "1-0"]
[WhiteElo "2486"]
[BlackElo "2326"]
[PlyCount "70"]
[EventDate "2009.09.27"]
[EventType "team-match"]
[EventRounds "11"]
[EventCountry "FRA"]
[Source "ChessBase"]
[SourceDate "2010.02.25"]

1. d4 Nf6 2. c4 e6 3. Nc3 Bb4 4. e3 c5 5. Bd3 Nc6 6. Nge2 d5 7. a3 Bxc3+ 8.
bxc3 dxc4 9. Bxc4 e5 (9... O-O) 10. O-O O-O 11. a4 (11. Bb2 {Orlov,P (2405)
-Bronstein,D (2435)/Pancevo 1987/1/2-1/2}) 11... cxd4 12. cxd4 exd4 13. exd4
Bg4 14. f3 Be6 15. Bb5 Nd5 16. Bxc6 bxc6 17. Qc2 Re8 18. Ng3 Qb6 19. Qf2 Qa6
20. Ne4 Bf5 21. Bd2 Re7 22. Nc5 Qe2 23. Rfe1 Qc4 24. Rec1 Qe2 25. Re1 Qc4 (
25... Qxf2+ $142) 26. Rxe7 Nxe7 27. Rc1 Qa2 28. Re1 Nd5 29. g4 Bg6 30. Qe2 h5
31. Bc1 Qxe2 32. Rxe2 hxg4 33. fxg4 Rb8 34. Nd7 Rd8 35. Ne5 Nb4 1-0

[Event "FRA-chT1 0910"]
[Site "France"]
[Date "2009.09.27"]
[Round "1.2"]
[White "Winants, Luc"]
[Black "Jens, Jelmer"]
[Result "1/2-1/2"]
[WhiteElo "2536"]
[BlackElo "2366"]
[PlyCount "117"]
[EventDate "2009.09.27"]
[EventType "team-match"]
[EventRounds "11"]
[EventCountry "FRA"]
[Source "ChessBase"]
[SourceDate "2010.02.25"]
[WhiteTeam "Cappelle"]

1. d4 Nf6 2. c4 e6 3. Nc3 Bb4 4. e3 b6 5. Nge2 c5 6. a3 Ba5 7. Rb1 Na6 8. Nf4
Ne4 9. Qc2 Bb7 10. Bd3 Nxc3 11. bxc3 g5 12. Nh5 Bxg2 13. Rg1 Bf3 14. Be2 Bxh5
15. Bxh5 Qc7 16. Bf3 O-O-O 17. Rxg5 f5 18. Ke2 Rdg8 19. Rxg8+ Rxg8 20. Bd2 Qd6
21. Qd3 Nc7 22. a4 e5 23. Qxf5 exd4 24. Qe4 dxc3 25. Bxc3 Bxc3 26. Qb7+ Kd8 27.
Rd1 Qe6 28. Qb8+ Ke7 29. Qxc7 Be5 30. Rxd7+ Qxd7 31. Qxe5+ Kd8 32. Qb8+ Qc8 33.
Qxa7 Qe6 34. Bd5 Qg4+ 35. Kd2 Rg6 36. Qb8+ Kd7 37. Qb7+ Kd8 38. Qxh7 Rd6 39.
Qh8+ Kd7 40. Qe5 Qg1 41. Qf5+ Kc7 42. h4 Qa1 43. Qf7+ Rd7 44. Qf4+ Rd6 45. Qf7+
Rd7 46. Qg6 Rd6 47. Qg3 Qxa4 48. e4 Qa2+ 49. Ke1 Qa1+ 50. Ke2 b5 51. cxb5 Qb2+
52. Kf1 Qxb5+ 53. Kg2 Qb2 54. h5 Qd4 55. h6 Qh8 56. Qe3 Qxh6 57. Qxc5+ Kd8 58.
Qa5+ Kd7 59. Qa7+ 1/2-1/2

[Event "FRA-chT1 0910"]
[Site "France"]
[Date "2009.10.04"]
[Round "1.3"]
[White "Cotonnec, Melkior"]
[Black "Desbonnes, Samy"]
[Result "0-1"]
[WhiteElo "2289"]
[BlackElo "2332"]
[PlyCount "50"]
[EventDate "2009.09.27"]
[EventType "team-match"]
[EventRounds "11"]
[EventCountry "FRA"]
[Source "ChessBase"]
[SourceDate "2010.02.25"]

1. e4 c5 2. Nf3 Nc6 3. d4 cxd4 4. Nxd4 e5 5. Nb5 d6 6. N1c3 a6 7. Na3 Be7 8.
Nc4 b5 9. Ne3 Nf6 10. Ned5 O-O 11. Be2 Bb7 12. Be3 Nxd5 13. Nxd5 Nd4 14. Bxd4
Bxd5 15. exd5 exd4 16. Qxd4 Bf6 17. Qb4 a5 18. Qxb5 Rb8 19. Qd3 Rxb2 20. O-O
Qc7 21. Qc4 Qxc4 22. Bxc4 Rb4 23. Bb3 Bxa1 24. Rxa1 a4 25. c3 axb3 0-1

[Event "FRA-chT1 0910"]
[Site "France"]
[Date "2009.10.04"]
[Round "1.3"]
[White "Crut, Aurelien"]
[Black "Chirila, Ioan Cristian"]
[Result "1-0"]
[WhiteElo "2309"]
[BlackElo "2504"]
[PlyCount "97"]
[EventDate "2009.09.27"]
[EventType "team-match"]
[EventRounds "11"]
[EventCountry "FRA"]
[Source "ChessBase"]
[SourceDate "2010.02.25"]

1. e4 c5 2. Nf3 Nc6 3. Bb5 e6 4. O-O Nge7 5. c3 a6 6. Be2 d5 7. exd5 Nxd5 8. d4
cxd4 9. Nxd4 Bd6 10. Nxc6 bxc6 11. c4 Ne7 12. Nc3 Qc7 13. g3 O-O 14. Bf3 Rb8
15. b3 Be5 16. Bb2 Nf5 17. Re1 f6 18. Bg2 c5 19. Qc1 Bb7 20. Bxb7 Qxb7 21. Ne4
Bxb2 22. Qxb2 Nd4 23. Nd2 e5 24. Re3 Rbd8 25. Rae1 Rf7 26. Qc3 Rfd7 27. Nf1 f5
28. f4 e4 29. Kg2 Nf3 30. R1e2 Rd1 31. Qa5 Qc6 32. b4 cxb4 33. Qxb4 Rc1 34. Qa5
Rf8 35. Qd5+ Qxd5 36. cxd5 Rd8 37. Ra3 Rxd5 38. Ne3 Rd3 39. Rxa6 g6 40. Ra8+
Kg7 41. Ra7+ Kh6 42. g4 Rg1+ 43. Kf2 fxg4 44. Re7 Rc3 45. Rb2 Rxe3 46. Kxe3
Re1+ 47. Kf2 Rh1 48. Rbb7 Rxh2+ 49. Kg3 1-0

[Event "FRA-chT1 0910"]
[Site "France"]
[Date "2009.10.04"]
[Round "1.3"]
[White "Debray, Christopher"]
[Black "Ider, Borya"]
[Result "0-1"]
[WhiteElo "2362"]
[BlackElo "2266"]
[PlyCount "80"]
[EventDate "2009.09.27"]
[EventType "team-match"]
[EventRounds "11"]
[EventCountry "FRA"]
[Source "ChessBase"]
[SourceDate "2010.02.25"]

1. d4 e6 2. c4 Nf6 3. Nc3 Bb4 4. e3 c5 5. Nf3 Nc6 6. Bd3 Bxc3+ 7. bxc3 d6 8.
O-O e5 9. e4 Bg4 10. d5 Ne7 11. h3 Bd7 12. Nh4 Qa5 13. Qb3 Qc7 14. f4 Ng6 15.
Nxg6 hxg6 16. Rb1 Rb8 17. Rb2 Nh5 18. fxe5 dxe5 19. Rf3 O-O 20. Rbf2 Qd6 21.
Bg5 f6 22. Be3 g5 23. Rb2 b6 24. Qd1 Nf4 25. Bf1 Be8 26. g3 Bh5 27. gxf4 gxf4
28. Bc1 f5 29. Bd3 b5 30. cxb5 c4 31. Be2 fxe4 32. Rf2 Bxe2 33. Qxe2 e3 34. Rf1
Qxd5 35. Rb4 Qd3 36. Qg4 Rf6 37. Rd1 e2 38. Rxd3 e1=Q+ 39. Kh2 cxd3 40. Rc4
Qe2+ 0-1

[Event "FRA-chT1 0910"]
[Site "France"]
[Date "2009.10.04"]
[Round "1.3"]
[White "Fayard, Alain"]
[Black "Pira, Davoud"]
[Result "0-1"]
[WhiteElo "2276"]
[BlackElo "2382"]
[PlyCount "104"]
[EventDate "2009.09.27"]
[EventType "team-match"]
[EventRounds "11"]
[EventCountry "FRA"]
[Source "ChessBase"]
[SourceDate "2010.02.25"]

1. d4 c5 2. d5 Nf6 3. c4 g6 4. Nc3 Bg7 5. Nf3 d6 6. e4 a6 7. Be2 O-O 8. O-O Bg4
9. Ne1 Bxe2 10. Qxe2 e6 11. Bg5 h6 12. Bh4 exd5 13. exd5 Re8 14. Qf3 Nbd7 15.
Nd3 Ne5 16. Nxe5 Rxe5 17. Rae1 Qe7 18. Qd1 Re8 19. f3 Qd7 20. Rxe5 Rxe5 21. Re1
Nh5 22. Qd2 g5 23. Bf2 f5 24. g3 Qe7 25. Ne2 Nf6 26. Nc1 Rxe1+ 27. Qxe1 Qxe1+
28. Bxe1 b5 29. b3 bxc4 30. bxc4 Nd7 31. Nb3 Ne5 32. Nd2 Nd3 33. Kf1 Bc3 34.
Ke2 Nc1+ 35. Kd1 Nxa2 36. g4 fxg4 37. fxg4 Be5 38. Bg3 Bxg3 39. hxg3 Kf7 40.
Ne4 Ke7 41. Kc2 Nb4+ 42. Kb3 Nd3 43. Kc3 Ne5 44. Nf2 a5 45. Kb3 Kd7 46. Ne4
Nxg4 47. Ka4 Ne5 48. Kb5 a4 49. Kxa4 Nxc4 50. Nf6+ Ke7 51. Ng8+ Kf8 52. Nxh6
Ne3 0-1

[Event "FRA-chT1 0910"]
[Site "France"]
[Date "2009.10.04"]
[Round "1.3"]
[White "Justo, Damian"]
[Black "Stephan, Victor"]
[Result "1/2-1/2"]
[WhiteElo "2323"]
[BlackElo "2227"]
[PlyCount "129"]
[EventDate "2009.09.27"]
[EventType "team-match"]
[EventRounds "11"]
[EventCountry "FRA"]
[Source "ChessBase"]
[SourceDate "2010.02.25"]

1. d4 Nf6 2. Nf3 c5 3. d5 b5 4. Bg5 Qb6 5. Bxf6 Qxf6 6. c3 d6 7. e4 a6 8. a4 b4
9. a5 Nd7 10. Bd3 g5 11. Qa4 Rb8 12. O-O Bg7 13. Re1 O-O 14. Bxa6 Bxa6 15. Qxd7
Rfd8 16. Qg4 bxc3 17. bxc3 h6 18. h4 Bc8 19. Qg3 g4 20. Nfd2 h5 21. a6 Ra8 22.
a7 Rd7 23. Nc4 Rdxa7 24. Rxa7 Rxa7 25. e5 dxe5 26. Nxe5 Ra1 27. Nc6 Bf5 28.
Qb8+ Kh7 29. Nxe7 Bxb1 30. Rxb1 Ra2 31. Rf1 Rd2 32. Qb1+ Kh8 33. Qb8+ Kh7 34.
Qg8+ Kh6 35. Qe8 Kh7 36. Qg8+ Kh6 37. Qe8 Kh7 38. Qd7 c4 39. Nf5 Rd3 40. Ng3
Qe5 41. Qxf7 Qxd5 42. Qe8 Qe5 43. Qf7 Qd5 44. Qf4 Bh6 45. Qc7+ Bg7 46. Re1 Rd1
47. Rxd1 Qxd1+ 48. Kh2 Qd5 49. Qe7 Qe5 50. Qf7 Qxc3 51. Qxh5+ Kg8 52. Qxg4 Qd4
53. Qe6+ Kh7 54. Qf5+ Kg8 55. f4 c3 56. Qe6+ Kh7 57. Nh5 Qc5 58. Qe4+ Kh6 59.
Nxg7 Kxg7 60. Qc2 Qd4 61. Kg3 Qd2 62. Qe4 c2 63. Qe7+ Kg8 64. Qe8+ Kg7 65. Qe7+
1/2-1/2

[Event "FRA-chT1 0910"]
[Site "France"]
[Date "2009.10.04"]
[Round "1.3"]
[White "Karim, Ismael"]
[Black "Ninov, Nikolai"]
[Result "1/2-1/2"]
[WhiteElo "2410"]
[BlackElo "2558"]
[PlyCount "39"]
[EventDate "2009.09.27"]
[EventType "team-match"]
[EventRounds "11"]
[EventCountry "FRA"]
[Source "ChessBase"]
[SourceDate "2010.02.25"]
[BlackTeam "La Tour Hyéroise"]

1. e4 c5 2. Nf3 d6 3. d4 Nf6 4. Nc3 cxd4 5. Nxd4 a6 6. Be3 e6 7. g4 e5 8. Nf5
Nc6 9. Bg5 Be6 10. Bg2 h6 11. Bxf6 Qxf6 12. Nd5 Qd8 13. Qd2 Rc8 14. c3 g6 15.
Nfe3 h5 16. gxh5 Rxh5 17. O-O-O Rh4 18. Kb1 Bh6 19. Qe2 Ne7 20. Nxe7 1/2-1/2

[Event "FRA-chT1 0910"]
[Site "France"]
[Date "2009.10.04"]
[Round "1.3"]
[White "Lamoureux, Charles"]
[Black "Palleja, Xavier"]
[Result "1-0"]
[WhiteElo "2374"]
[BlackElo "2247"]
[PlyCount "53"]
[EventDate "2009.09.27"]
[EventType "team-match"]
[EventRounds "11"]
[EventCountry "FRA"]
[Source "ChessBase"]
[SourceDate "2010.02.25"]

1. e4 e6 2. d4 d5 3. Nc3 Bb4 4. e5 c5 5. a3 Bxc3+ 6. bxc3 Ne7 7. a4 Qa5 8. Bd2
Nbc6 9. Nf3 Bd7 10. Be2 f6 11. O-O O-O-O 12. Re1 fxe5 13. dxe5 Qc7 14. Qc1 Rdf8
15. Qa3 Nxe5 16. Nxe5 Qxe5 17. Qxc5+ Nc6 18. a5 Qc7 19. Bd3 Rf6 20. Bg5 Rf7 21.
Bh4 g5 22. Bg3 Qd8 23. Bb5 Re8 24. Bxc6 Bxc6 25. a6 Qb6 26. Qxb6 axb6 27. a7
1-0